Dental materials: clinical applications for dental assistants and dental hygienists. / (Record no. 8033)

MARC details
000 -LEADER
fixed length control field 01200nam a22002417a 4500
003 - CONTROL NUMBER IDENTIFIER
control field OSt
005 - DATE AND TIME OF LATEST TRANSACTION
control field 20211119093935.0
008 - FIXED-LENGTH DATA ELEMENTS--GENERAL INFORMATION
fixed length control field 151015b xxu||||| |||| 00| 0 eng d
020 ## - INTERNATIONAL STANDARD BOOK NUMBER
International Standard Book Number 9780721685830
020 ## - INTERNATIONAL STANDARD BOOK NUMBER
International Standard Book Number 0721685838
040 ## - CATALOGING SOURCE
Transcribing agency LC
050 ## - LIBRARY OF CONGRESS CALL NUMBER
Classification number RK652.5.H36
100 ## - MAIN ENTRY--PERSONAL NAME
Fuller form of name Hatrick, Carol Dixon
245 ## - TITLE STATEMENT
Title Dental materials: clinical applications for dental assistants and dental hygienists. /
Statement of responsibility, etc. Carol Dixon Hatrick, W. Stephen Eakle, William F. Bird
260 ## - PUBLICATION, DISTRIBUTION, ETC.
Place of publication, distribution, etc. St Louis, Missouri:
Name of publisher, distributor, etc. Saunders,
Date of publication, distribution, etc. 2003.
300 ## - PHYSICAL DESCRIPTION
Extent xxii, 373 p.:
Other physical details ills.;
500 ## - GENERAL NOTE
General note Includes index
505 ## - FORMATTED CONTENTS NOTE
Formatted contents note Contents: Introduction to dental materials -- Oral environment and patient considerations -- Physical properties of dental materials -- General handling and safety -- Principles of bonding -- Direct and indirect esthetic restoration materials -- Preventive and bleaching materials --Metals in dentistry -- Abrasions, finishing, and polishing -- Dental cement -- Impression materials --Gypsum products -- Polymers for prosthetic dentistry -- Provisional restorations --Dental waxes --
653 ## - INDEX TERM--UNCONTROLLED
Uncontrolled term Dental materials
700 ## - ADDED ENTRY--PERSONAL NAME
Fuller form of name Eakle, W. Stephan
700 ## - ADDED ENTRY--PERSONAL NAME
Fuller form of name Bird, William F.
942 ## - ADDED ENTRY ELEMENTS (KOHA)
Source of classification or shelving scheme Library of Congress Classification
Koha item type Books
Holdings
Withdrawn status Lost status Source of classification or shelving scheme Damaged status Not for loan Home library Current library Shelving location Date acquired Source of acquisition Total Checkouts Full call number Barcode Date last seen Price effective from Koha item type
    Library of Congress Classification     WISCONSIN INTERNATIONAL UNIVERSITY COLLEGE, GHANA KUMASI LIBRARY WISCONSIN INTERNATIONAL UNIVERSITY COLLEGE, GHANA KUMASI LIBRARY nursing 22/07/2019 STM   RK652.5.H36 KSN/381/19 18/11/2021 18/11/2021 Books

If you have any concerns or questions; kindly contact the library


© Powered by WIUC ICT DIRECTORATE